Southville International School and Colleges
Your cart is empty.
  • Cart
  • Lists
    Public lists Eva Luna New books Lux_list list_1
    Your lists Log in to create your own lists
  • Log in to your account
  • Your cookies
  • Search history
Southville International School and Colleges
  • Advanced search
  • Recent comments
  • Most popular
  • Libraries

Log in to your account

Log in with GOOGLE


If you do not have an external account, but do have a local account, you can still log in:

  1. Home
  2. MARC view: 21st century literature from the Philippines and the world:
Normal view MARC view ISBD view

21st century literature from the Philippines and the world: (Record no. 358171)

[ view plain ]
MARC details
000 -LEADER
fixed length control field 00797nam a22002177a 4500
003 - CONTROL NUMBER IDENTIFIER
control field SISC
005 - DATE AND TIME OF LATEST TRANSACTION
control field 20180724152247.0
008 - FIXED-LENGTH DATA ELEMENTS--GENERAL INFORMATION
fixed length control field 180724b xxu||||| |||| 00| 0 eng d
020 ## - INTERNATIONAL STANDARD BOOK NUMBER
International Standard Book Number 9789719806936
050 ## - LIBRARY OF CONGRESS CALL NUMBER
Classification number PS 9992
Item number .T393 2017
100 ## - MAIN ENTRY--PERSONAL NAME
Personal name Tayao, Ma. Lourdes G.
245 ## - TITLE STATEMENT
Title 21st century literature from the Philippines and the world:
Remainder of title for senior high school /
Statement of responsibility, etc Ma. Lourdes G. Tayao, Rosario I. Alonzo, Eden Regala Flores
260 ## - PUBLICATION, DISTRIBUTION, ETC. (IMPRINT)
Place of publication, distribution, etc Quezon City :
Name of publisher, distributor, etc C & E Publishing,
Date of publication, distribution, etc c2017.
300 ## - PHYSICAL DESCRIPTION
Extent viii, 315 pages :
Other physical details illustrations ;
Dimensions 26 cm.
500 ## - GENERAL NOTE
General note Includes index and bibliographical references.
650 ## - SUBJECT ADDED ENTRY--TOPICAL TERM
Source of heading or term Library of Congress Subject Headings
Topical term or geographic name as entry element Philippine literature
700 ## - ADDED ENTRY--PERSONAL NAME
Personal name Alonzo, Rosario I.
700 ## - ADDED ENTRY--PERSONAL NAME
Personal name Flores, Eden Regala
942 ## - ADDED ENTRY ELEMENTS (KOHA)
Source of classification or shelving scheme Library of Congress Classification
Koha item type Books
Holdings
Withdrawn status Lost status Source of classification or shelving scheme Damaged status Home library Current library Shelving location Date acquired Source of acquisition Sub Shelving location Total Checkouts Total Renewals Full call number Barcode Date last seen Date checked out Price effective from Koha item type
    Library of Congress Classification   Luxembourg Library Luxembourg Library Teachers Reference Section 07/24/2018 Library Fund   2 10 PS 9992 .T393 2017 20520 07/06/2022 09/16/2019 07/24/2018 Books

21st century literature from the Philippines and the world:

APA

Tayao M. L. G., Alonzo R. I. & Flores E. R. (2017). 21st century literature from the Philippines and the world. Quezon City: C & E Publishing.

Chicago

Tayao Ma Lourdes G, Alonzo Rosario I and Flores Eden Regala. 2017. 21st century literature from the Philippines and the world. Quezon City: C & E Publishing.

Harvard

Tayao M. L. G., Alonzo R. I. and Flores E. R. (2017). 21st century literature from the Philippines and the world. Quezon City: C & E Publishing.

MLA

Tayao Ma Lourdes G, Alonzo Rosario I and Flores Eden Regala. 21st century literature from the Philippines and the world. Quezon City: C & E Publishing. 2017.

  • Place hold
  • Print
  • Cite
  • Add to your cart (remove)
  • Save record
    BIBTEX Dublin Core MARCXML MARC (non-Unicode/MARC-8) MARC (Unicode/UTF-8) MARC (Unicode/UTF-8, Standard) MODS (XML) RIS
  • More searches
    Search for this title in:
    Other Libraries (WorldCat) Other Databases (Google Scholar) Online Stores (Bookfinder.com) Open Library (openlibrary.org)

Exporting to Dublin Core...

SOUTHVILLE LIBRARY

Southville International School and Colleges Library

1281 Tropical Ave. Cor. Luxembourg St., BF Homes International, Las Pinas City

Tel. No. 8256374 / 252358 Loc. 117/146

Powered by Koha